000 00359pab a2200145 454500
008 180718b2006 xxu||||| |||| 00| 0 eng d
100 _aDarling, Marsha J. Tyson
245 _aGender, new technologies and development
260 _c2006
300 _ap.23-27.
362 _aDec
650 _aWomen and development
773 _aDevelopment
909 _a73127
999 _c73127
_d73127